Guinea : Joint Staff Assessment of the Poverty Reduction Strategy Paper.

The paper analyzes the Joint Staff Assessment of the Poverty Reduction Strategy Paper (PRSP) Progress Report for Guinea. The report assesses progress made in implementing the PRSP during the calendar years 2002 and 2003, and lays out the measures the government is pursuing to achieve its policy obje...

Volledige beschrijving

Bibliografische gegevens
Coauteur: International Monetary Fund
Formaat: Tijdschrift
Taal:English
Gepubliceerd in: Washington, D.C. : International Monetary Fund, 2004.
Reeks:IMF Staff Country Reports; Country Report ; No. 2004/376
Online toegang:Full text available on IMF
LEADER 01625cas a2200241 a 4500
001 AALejournalIMF003337
008 230101c9999 xx r poo 0 0eng d
020 |c 5.00 USD 
020 |z 9781451815221 
022 |a 1934-7685 
040 |a BD-DhAAL  |c BD-DhAAL 
110 2 |a International Monetary Fund. 
245 1 0 |a Guinea :   |b Joint Staff Assessment of the Poverty Reduction Strategy Paper. 
264 1 |a Washington, D.C. :  |b International Monetary Fund,  |c 2004. 
300 |a 1 online resource (12 pages) 
490 1 |a IMF Staff Country Reports 
500 |a <strong>Off-Campus Access:</strong> No User ID or Password Required 
500 |a <strong>On-Campus Access:</strong> No User ID or Password Required 
506 |a Electronic access restricted to authorized BRAC University faculty, staff and students 
520 3 |a The paper analyzes the Joint Staff Assessment of the Poverty Reduction Strategy Paper (PRSP) Progress Report for Guinea. The report assesses progress made in implementing the PRSP during the calendar years 2002 and 2003, and lays out the measures the government is pursuing to achieve its policy objectives. The IMF staff agrees with the progress report conclusion that efforts have been made over the last two years to advance the poverty reduction strategy, even as the economic environment became more difficult and Guinea's program with the IMF went off-track. 
538 |a Mode of access: Internet 
830 0 |a IMF Staff Country Reports; Country Report ;  |v No. 2004/376 
856 4 0 |z Full text available on IMF  |u http://elibrary.imf.org/view/journals/002/2004/376/002.2004.issue-376-en.xml  |z IMF e-Library